Teória verejnej voľby

Gespeichert in:
Bibliographische Detailangaben
1. Verfasser: Čaplánová, Anetta, 1967-
Körperschaft: Ekonomická univerzita v Bratislave. Národohospodárska fakulta
Weitere Verfasser: Rozborilová, Dária, Lennerová, Ivana, 1979-, Vongrej, Marián, Orviská, Marta, Neubauerová, Erika, 1968-
Format: Buch
Sprache:Slowakisch
Veröffentlicht: Bratislava Vydavateľstvo EKONÓM 2011
Ausgabe:1. vyd.
Schlagworte:
Tags: Tag hinzufügen
Keine Tags, Fügen Sie das erste Tag hinzu!

MARC

LEADER 00000nam a2200000 4500
001 0146010
005 20240604101151.2
020 |a 978-80-225-3325-6 
041 0 |a slo 
044 |a SK 
245 1 0 |a Teória verejnej voľby  |c Anetta Čaplánová a kolektív 
250 |a 1. vyd. 
264 1 |a Bratislava  |b Vydavateľstvo EKONÓM  |c 2011 
300 |a 283 s. [17,257 AH] 
610 2 0 |a voľba verejná 
610 2 0 |a moc výkonná 
610 2 0 |a moc zákonodarná 
610 2 0 |a štát 
610 2 0 |a externality 
610 2 0 |a statky verejné 
610 2 0 |a správa verejná 
610 2 0 |a správa štátna 
610 2 0 |a sektor verejný 
610 2 0 |a blahobyt 
610 2 0 |a spravodlivosť 
610 2 0 |a spravodlivosť sociálna 
610 2 0 |a financie verejné 
610 2 0 |a voľby 
610 2 0 |a demokracia 
610 2 0 |a referendum 
610 2 0 |a strany politické 
610 2 0 |a lobizmus 
610 2 0 |a byrokracia 
610 2 0 |a ekonómia konštitučná 
100 1 |a Čaplánová, Anetta, 1967- 
700 1 |a Rozborilová, Dária 
700 1 |a Lennerová, Ivana, 1979- 
700 1 |a Vongrej, Marián 
700 1 |a Orviská, Marta 
700 1 |a Neubauerová, Erika, 1968- 
710 2 |a Ekonomická univerzita v Bratislave. Národohospodárska fakulta